| 000 | 00357nam a2200145Ia 4500 | ||
|---|---|---|---|
| 100 | _aLiu/Yu-Chang/ Gibbon/G.A | ||
| 942 | _cBK | ||
| 654 | _aMicro computer System | ||
| 245 | _aMicro Computer system:8086/8088 Family | ||
| 260 |
_bPrentice Hall of India _aNEW DELHI _c1987 |
||
| 082 |
_a1.6 _bLiu/Gib |
||
| 300 | _a623 | ||
| 546 | _aENGLISH | ||
| 999 |
_c21514 _d21514 |
||